000 00462cam a2200169ua 4500
020 _c165.00
041 _aeng
_h
082 _a153.42
_bHUM/TH
100 _aHumphrey, George .
245 _aThinking : An introduction to its experimental psychology /
_cGeorge Humphrey.
_hTextual Documents
260 _aLondon :
_bMethuen and Co. Ltd ,
_c1951.
300 _a331 :
_b` ; .
365 _a165.00
504 _a
942 _cBK
999 _c1746
_d1746